000 00833nam a2200229Ii 4500
003 JO-AjNU
008 230605s9999||||xx |||||||||||||| ||und||
017 _a2008/6/1837
020 _a9957-16-417-1
040 _aJO-AjNU
_bara
_erda
_cJO-AjNU
041 _aara
050 1 4 _aLC4015.A9282 2009
100 3 _aالعزة،سعيد حسني,
_eauthor
_928538
245 0 0 _aالمدخل إلى التربية الخاصة للأطفال ذوي الحاجات الخاصة، المفهوم - التشخيص - أساليب التدريس
250 _aط1
264 3 1 _aعمان:دار الثقافة،2009
300 _a210ص
336 _atext
_btxt
_2rdacontent
337 _aunmediated
_bn
_2rdamedia
338 _avolume
_bnc
_2rdacarrier
650 4 _aالمعوقون-تعليم-الفئات الخاصة-تعليم
_928539
999 _aA11081
_c14649
_d14649